000
002680000a22000970004500
100
1
_a
Canclini, Arnoldo
245
1
0
_a
La Biblia como historia
300
_a
Vol.60, núm.277 (Noviembre, diciembre, 2005), Páginas 6-7
773
0
_t
La Biblia de las Américas
942
_c
ANA
999
_c
61618
_d
61618